[Event "Challenge"]
[Site "http://www.queenalice.com/game.php?id=1604153"]
[Date "2020.3.25"]
[Round "-"]
[White "midknightblue"]
[Black "McDash"]
[Result "0-1"]
[WhiteElo "1647"]
[BlackElo "1500"]

1. e4 e5 2. Bc4 Nc6 3. Nf3 Bc5 4. O-O Nf6 5. d3 O-O 6. Bg5 d6 7. Bxf6 Qxf6 8.
Qe2 Qg6 9. g3 Bg4 10. Nbd2 Nd4 11. Qd1 Qh5 12. Re1 Bxf3 13. Nxf3 Nxf3+ 14. Kg2
Nxe1+ 15. Qxe1 a5 16. Bd5 c6 17. d4 Bxd4 18. c3 cxd5 19. cxd4 exd4 20. exd5
Qxd5+ 21. Kg1 Rfe8 22. Qf1 Rac8 23. h4 h5 24. b3 Rc2 25. Qg2 Qxg2+ 26. Kxg2 Ree2
27. Kf3 d3 28. Rd1 Rxf2+ 29. Ke3 Rxa2 30. Rxd3 Rae2+ 31. Kd4 Rd2 32. Rxd2 Rxd2+
33. Kc3 Rg2 0-1

[Event "Challenge"]
[Site "http://www.queenalice.com/game.php?id=1604523"]
[Date "2020.3.27"]
[Round "-"]
[White "McDash"]
[Black "Scaracioli"]
[Result "0-1"]
[WhiteElo "1891"]
[BlackElo "1730"]

1. e4 e5 2. Nf3 d6 3. d4 c6 4. dxe5 dxe5 5. Qxd8+ Kxd8 6. Nxe5 Be6 7. Nc3 Bb4 8.
Bd2 Nf6 9. O-O-O Ke7 10. Nd5+ Nxd5 11. exd5 Bxd2+ 12. Rxd2 cxd5 13. g3 f6 14.
Nf3 Nc6 15. Nd4 Nxd4 16. Rxd4 Rac8 17. b3 b5 18. Bxb5 Rhd8 19. Rhd1 Rd6 20. Kb2
a6 21. Be2 a5 22. a4 Rdc6 23. R1d2 Bf5 24. Bd3 Bxd3 25. R4xd3 Ke6 26. Rxd5 Ra6
27. Rd7 Rg8 28. c4 h5 29. h4 g5 30. Kc3 gxh4 31. gxh4 Rg4 32. R2d4 f5 33. R7d5
Rxd4 34. Kxd4 Rb6 35. c5 Rb4+ 0-1

[Event "Amsterdam"]
[Site "http://www.queenalice.com/game.php?id=1604750"]
[Date "2020.3.28"]
[Round "-"]
[White "McDash"]
[Black "vangogh"]
[Result "1-0"]
[WhiteElo "1774"]
[BlackElo "1725"]

1. e4 e5 2. Nf3 d6 3. d4 d5 4. exd5 Qxd5 5. Nc3 Qa5 6. dxe5 Bb4 7. Bd2 Bxc3 8.
Bxc3 Qb6 9. Bc4 h6 10. O-O Bg4 11. h3 Bxf3 12. Qxf3 f6 13. exf6 gxf6 14. Qh5+
Kd8 15. Qf7 Qd6 16. Rad1 Qxd1 17. Rxd1+ 1-0

[Event "AUTO-INT-3516"]
[Site "http://www.queenalice.com/game.php?id=1605045"]
[Date "2020.3.30"]
[Round "1"]
[White "altair"]
[Black "McDash"]
[Result "0-1"]
[WhiteElo "1546"]
[BlackElo "1935"]

1. e4 e5 2. Nf3 Nc6 3. a3 Nf6 4. d3 b6 5. h3 Bb7 6. Nc3 d5 7. Be2 dxe4 8. dxe4
Nd4 9. Nxe5 Bxe4 10. Bb5+ c6 11. Ba4 Qc7 12. Qxd4 Rd8 13. Bxc6+ Bxc6 14. Qe3
Bxg2 15. Rg1 Bb7 16. Nc6+ Be7 17. Nxd8 Qxd8 18. Ke2 Ba6+ 19. Ke1 O-O 20. Qg3 g6
21. Ne2 Re8 22. Bd2 Bxe2 23. Kxe2 Bd6+ 0-1

[Event "AUTO-INT-3516"]
[Site "http://www.queenalice.com/game.php?id=1605046"]
[Date "2020.3.30"]
[Round "1"]
[White "McDash"]
[Black "altair"]
[Result "1-0"]
[WhiteElo "1924"]
[BlackElo "1509"]

1. e4 e5 2. Nf3 d6 3. Bc4 h6 4. d4 Nf6 5. dxe5 Nxe4 6. O-O Be7 7. Qd5 Bf5 8.
Qxf7+ Kd7 9. Qxf5+ Ke8 10. Qf7+ Kd7 11. Be6+ Kc6 12. Bd5+ Kd7 13. Bxe4 c6 14.
exd6 Rf8 15. Bf5+ Kxd6 16. Rd1+ Kc7 17. Bf4+ Kb6 18. Qb3+ Ka6 19. Bd3+ b5 20.
Bxb5+ cxb5 21. Rxd8 1-0

[Event "AUTO-INT-3516"]
[Site "http://www.queenalice.com/game.php?id=1605063"]
[Date "2020.3.30"]
[Round "1"]
[White "McDash"]
[Black "krystian"]
[Result "1-0"]
[WhiteElo "1924"]
[BlackElo "1650"]

1. e4 e5 2. Nf3 Nc6 3. Bc4 Nf6 4. d4 exd4 5. Nxd4 Nxe4 6. Qf3 Nf6 7. Nxc6 dxc6
8. O-O Bd6 9. Re1+ Be7 10. Rd1 Bd7 11. b3 Qc8 12. h3 O-O 13. Bb2 b5 14. Be2 Nd5
15. Nc3 Nf6 16. Rd2 Be6 17. Qxc6 a6 18. Ne4 Nxe4 19. Qxe4 f5 20. Qf4 Bd6 21. Qf3
Qd8 22. Rad1 Rf7 23. Ba3 Rd7 24. Bxd6 Rxd6 25. Rxd6 cxd6 26. Rxd6 Qc8 27. Rxe6
Qxe6 28. Qxa8+ Kf7 29. Bf3 Qe1+ 30. Kh2 Qxf2 31. Qb7+ Kf8 32. Qc8+ Ke7 33. Qxf5
g6 34. Qe5+ Kf8 35. Qf6+ 1-0

[Event "AUTO-INT-3516"]
[Site "http://www.queenalice.com/game.php?id=1605064"]
[Date "2020.3.30"]
[Round "1"]
[White "krystian"]
[Black "McDash"]
[Result "0-1"]
[WhiteElo "1525"]
[BlackElo "1924"]

1. e4 e5 2. Nf3 Nc6 3. Bb5 Nf6 4. O-O Nxe4 5. d4 Nxd4 6. Nxd4 exd4 7. Re1 Qf6 8.
Rxe4+ Be7 9. Rxd4 O-O 10. Bxd7 Bxd7 11. Rxd7 Bd6 12. Qg4 Qe5 13. g3 Qe1+ 14. Kg2
Qxc1 15. Qd4 Qxc2 16. Nd2 Qc6+ 17. Qe4 Qxd7 18. Nf3 Rae8 19. Qxb7 Bc5 20. Qb3
Re2 21. Rf1 Qc6 22. Kg1 Qb6 23. Qxb6 cxb6 0-1

[Event "AUTO-INT-3516"]
[Site "http://www.queenalice.com/game.php?id=1605065"]
[Date "2020.3.30"]
[Round "1"]
[White "McDash"]
[Black "mestre62"]
[Result "1-0"]
[WhiteElo "1924"]
[BlackElo "1471"]

1. e4 e5 2. Nf3 d6 3. d4 Nc6 4. d5 Nd4 5. Be3 Nxf3+ 6. Qxf3 f6 7. Bd3 a6 8. O-O
Be7 9. Nd2 Bd7 10. c4 Qc8 11. Rfc1 Bg4 12. Qg3 h5 13. Rc2 Nh6 14. f3 Bxf3 15.
Nxf3 g5 16. Rac1 g4 17. Nd2 b6 18. b4 a5 19. c5 a4 20. cxb6 Bd8 21. bxc7 Bxc7
22. Rxc7 Qd8 23. Bxh6 Rxh6 24. Bb5+ Kf8 25. R1c6 Kg8 26. Qc3 Rh7 27. Rc8 Kg7 28.
Rxd8 Rxd8 29. Rc7+ Kg6 30. Rxh7 Kxh7 31. Qc7+ 1-0

[Event "AUTO-INT-3516"]
[Site "http://www.queenalice.com/game.php?id=1605066"]
[Date "2020.3.30"]
[Round "1"]
[White "mestre62"]
[Black "McDash"]
[Result "0-1"]
[WhiteElo "1471"]
[BlackElo "1924"]

1. e4 e5 2. d3 Nf6 3. a3 b6 4. Bg5 Bb7 5. Be2 h6 6. Bxf6 Qxf6 7. f3 a5 8. Nc3
Bc5 9. Qd2 O-O 10. Nh3 Rd8 11. Na4 Na6 12. Nxc5 Nxc5 13. a4 d5 14. b3 dxe4 15.
Qe3 Qg6 16. g3 exf3 17. Bxf3 Bxf3 18. Qxf3 e4 19. dxe4 Nxe4 20. Nf4 Qf6 21. Ke2
Ng5 22. Qg2 Re8+ 23. Kf2 Qd4+ 24. Kf1 Qxa1+ 25. Kf2 Qd4+ 26. Kf1 Qd1+ 27. Kf2
Qd2+ 28. Kg1 Re1+ 29. Qf1 Rxf1+ 30. Kxf1 Re8 31. Ng2 Qe2+ 0-1

[Event "AUTO-ADV-4321"]
[Site "http://www.queenalice.com/game.php?id=1606268"]
[Date "2020.4.6"]
[Round "1"]
[White "McDash"]
[Black "LuisGabriel_HD"]
[Result "0-1"]
[WhiteElo "1906"]
[BlackElo "1972"]

1. e4 e5 2. Nf3 Nc6 3. Bc4 Bc5 4. O-O d6 5. c3 Bg4 6. h3 Bxf3 7. Qxf3 Nf6 8. b4
Bb6 9. Bb2 Ne7 10. d4 exd4 11. cxd4 Ng6 12. Re1 Nh4 13. Qg3 Ng6 14. e5 dxe5 15.
d5 O-O 16. Bxe5 Re8 17. Nc3 Nxe5 18. Rxe5 Rxe5 19. Qxe5 Qd7 0-1

[Event "AUTO-ADV-4321"]
[Site "http://www.queenalice.com/game.php?id=1606269"]
[Date "2020.4.6"]
[Round "1"]
[White "LuisGabriel_HD"]
[Black "McDash"]
[Result "1-0"]
[WhiteElo "1950"]
[BlackElo "1926"]

1. e4 e5 2. Nf3 Nc6 3. Bb5 a6 4. Bxc6 dxc6 5. d3 Bc5 6. h3 Be6 7. O-O f6 8. Nc3
Ne7 9. Re1 Qd7 10. Nh4 O-O-O 11. Be3 Bxe3 12. Rxe3 f5 13. exf5 Nxf5 14. Nxf5
Bxf5 15. Rxe5 Rhe8 16. Rxe8 Rxe8 17. Qf3 g6 18. Qf4 c5 19. a4 1-0

[Event "AUTO-ADV-4321"]
[Site "http://www.queenalice.com/game.php?id=1606270"]
[Date "2020.4.6"]
[Round "1"]
[White "McDash"]
[Black "CleitonNog1986"]
[Result "1-0"]
[WhiteElo "1942"]
[BlackElo "1604"]

1. e4 c5 2. Nf3 d6 3. d4 cxd4 4. Nxd4 Nf6 5. Nc3 a6 6. Bd3 e5 7. Nf3 Nc6 8. O-O
h6 9. Be3 Be7 10. b4 Nxb4 11. a3 Nxd3 12. cxd3 1-0

[Event "AUTO-ADV-4321"]
[Site "http://www.queenalice.com/game.php?id=1606271"]
[Date "2020.4.6"]
[Round "1"]
[White "CleitonNog1986"]
[Black "McDash"]
[Result "0-1"]
[WhiteElo "1604"]
[BlackElo "1937"]

1. d4 d5 2. c4 c6 3. Nf3 dxc4 4. Nc3 g6 5. e3 b5 6. a4 Be6 7. axb5 cxb5 8. Nxb5
Qb6 9. Qa4 Bd7 10. Bxc4 Nf6 11. Bd2 Nc6 0-1

[Event "AUTO-INT-3516"]
[Site "http://www.queenalice.com/game.php?id=1616673"]
[Date "2020.6.14"]
[Round "2"]
[White "McDash"]
[Black "byyonico"]
[Result "1-0"]
[WhiteElo "1946"]
[BlackElo "1529"]

1. e4 c5 2. b3 d6 3. Bb2 e5 4. Nf3 Nc6 5. Bc4 Qe7 6. O-O Nf6 7. Re1 g6 8. c3 Bh6
9. d4 O-O 10. d5 Na5 11. Bd3 Bg4 12. b4 c4 13. Be2 Nxe4 14. bxa5 Bxf3 15. Bxf3
Ng5 16. Nd2 Nxf3+ 17. Qxf3 Bxd2 18. Re2 Bf4 19. g3 Bg5 20. h4 Bh6 21. Rae1 Bg7
22. Qg4 f5 23. Qxc4 Rac8 24. Qb4 Rc5 25. c4 Rfc8 26. Rc2 a6 27. Ba3 e4 28. Qb6
R5c7 29. Bxd6 Qf6 30. Bxc7 Qe7 31. Bf4 h6 32. Qxg6 Qf6 33. Qxf6 Bxf6 34. Bxh6
Rc5 35. Bg5 Be5 36. Rd1 Bd6 37. Bf4 Bxf4 38. gxf4 Rxa5 39. d6 Rc5 40. d7 Kg7 41.
d8=Q Rc6 42. Qd7+ Kg6 43. Rd6+ Rxd6 44. Qxd6+ Kh5 45. Qf6 Kg4 46. Qg5+ 1-0

[Event "AUTO-INT-3516"]
[Site "http://www.queenalice.com/game.php?id=1616674"]
[Date "2020.6.14"]
[Round "2"]
[White "byyonico"]
[Black "McDash"]
[Result "0-1"]
[WhiteElo "1542"]
[BlackElo "1936"]

1. c4 e5 2. a3 Nf6 3. d3 g6 4. Nc3 Bg7 5. Bg5 Nc6 6. Nd5 O-O 7. Nf3 Qe8 8. Nxf6+
Bxf6 9. Bxf6 Qe6 10. Bg5 d5 11. cxd5 Qxd5 12. e4 Qb5 13. Qd2 Bg4 14. Be2 Rad8
15. d4 Qb6 16. O-O Nxd4 17. b4 Nxf3+ 18. Bxf3 Rxd2 19. Bxg4 Qd4 20. Bf3 Rc2 21.
Be3 Qc3 22. h3 Rd8 23. g4 Rd3 24. Rae1 Qxa3 25. g5 Qxb4 26. Rd1 Rxd1 27. Rxd1 a5
28. Rd8+ Kg7 29. Rd7 a4 30. Bg4 Qc4 31. Rd8 a3 32. Ra8 a2 33. Bd1 Rc1 34. Rxa2
Rxd1+ 35. Kg2 Qxa2 36. h4 Qc4 37. Kf3 Rh1 38. Kg3 Qxe4 39. f4 Qxe3+ 40. Kg2 Rg1+
41. Kh2 Qg3# 0-1